| 000 | 00799cam a2200277 4500 | ||
|---|---|---|---|
| 001 | B905 | ||
| 008 | 090401t1987 xxu||||| |||| 00| 0 eng d | ||
| 035 | _a(Sirsi) u38636 | ||
| 041 | _aeng | ||
| 050 | _a333.76 | ||
| 090 | _aRICS 1987/11 AB | ||
| 110 |
_aRoyal Institution of Chartered Surveyors _94900 |
||
| 245 | _aManaging the countryside : the policy framework | ||
| 260 |
_aLondon _bRoyal Institution of Chartered Surveyors _cMarch 1987 |
||
| 300 | _a16p. ; 30cm. | ||
| 350 | _a3.5 | ||
| 490 |
_aGCPPA/Report _v11 (87) |
||
| 520 | _aProduced as an RICS memorandum. See also managing the countryside 1986/25 ABC. | ||
| 650 | _aCOUNTRYSIDE | ||
| 650 | _aFARM LAND | ||
| 650 |
_aLand use _96251 |
||
| 650 | _aPLANNING | ||
| 650 | _aRURAL LAND | ||
| 942 | _n0 | ||
| 948 | _c04/03/1997 | ||
| 999 |
_c90674 _d90674 |
||